LEADER 01718nam a2200349 a 4500 001 000000127427 003 CaOOAMICUS 005 20120131104328.0 008 120131s2011 it u000 u ita r 020 $a978-88-13-31150-6 040 $aPUL$bita 082 04$a344.035 100 1 $aGrevi, Vittorio.$0(OLS)http://pul/name/15770 245 10$aOrdinamento penitenziario commentato /$cVittorio Grevi, Glauco Giostra, Franco Della Casa ; con la collaborazione di Alessandro Bernasconi. 250 $a4. ed. /$ba cura di Franco Della Casa 260 $aPadova :$bCEDAM,$c2011. 300 $a2 v. ;$c25 cm. 500 $aTesto su due colonne. 505 1 $aV. 1. Trattamento penitenziario. Articoli 1-58 quater. -- v. 2. Organizzazione penitenziaria. Articoli 59-91. 650 4$aIstituti di detenzione$xLegislazione.$0(OLS)http://pul/subject/38442 700 1 $aGiostra, Glauco.$0(OLS)http://pul/name/81276 700 1 $aDella Casa, Franco.$0(OLS)http://pul/name/81277 700 1 $aBernasconi, Alessandro.$0(OLS)http://pul/name/69933 850 $aPUL 852 $aPUL$W1$xSL Diritto e Scienze Sociali 3$y79$m344. 035 GREVI 1.1$j147415$av. 1$qDDC 21$B146049$CPULBib$Z2$F146049 $H118947 $82 852 $aPUL$W1$xSL Diritto e Scienze Sociali 3$y79$m344. 035 GREVI 1.2$j147416$av. 2$qDDC 21$B146050$CPULBib$Z2$F146050 $H118948 $82 941 1 $a9 996 $6020$a978-88-13-31150-6$9(OLS)http://pul/number/148762 996 $6082$a344.035$9(OLS)http://pul/classification/2155 996 $6245$aOrdinamento penitenziario commentato$9(OLS)http://pul/title/161015 996 $6260$aPadova :$bCEDAM$9(OLS)http://pul/publisher/48126 LEADER 01431cam a2200313 a 4500 001 000000173854 003 CaOOAMICUS 005 20201016105953.0 008 201016s2018 xxuh u001 u eng r 020 $a978-0-8122-4985-9* 032 $aLibriCat 040 $aPUL$bita 082 04$a186.4 100 1 $aRobichaud, Denis.$0(OLS)http://pul/name/111701 245 00$aPlato's Persona : $bMarsilio Ficino, Renaissance Humanism, and Platonic Traditions / $cDenis J.-J. Robichaud. 260 $aPhiladelphia :$bUniversity of Pennsylvania Press,$c2018. 300 $a344 p. :$bfacs.;$a24 cm 504 $aBibliografia: p. [289]-316. 600 14$aFicino, Marsilio,$d1433-1499$xCritica e interpretazione.$0(OLS)http://pul/subject/2367 650 4$aFilosofia rinascimentale.$0(OLS)http://pul/subject/4774 650 4$aNeoplatonismo.$0(OLS)http://pul/subject/1935 850 $aPUL 852 $aPUL$W1$xSL Filosofia 3$y81$m186. 4 ROBDE 1$j197956$qDDC 21$B202669$CPULBib$Z2$F202669 $H134398 $82 941 1 $a9 996 $6020$a978-0-8122-4985-9*$9(OLS)http://pul/number/167747 996 $6082$a186.4$9(OLS)http://pul/classification/110 996 $6245$aPlato's Persona : $bMarsilio Ficino, Renaissance Humanism, and Platonic Traditions / $9(OLS)http://pul/title/215074 996 $6260$aPhiladelphia :$bUniversity of Pennsylvania Press$9(OLS)http://pul/publisher/69193